000 00403 a2200169 4500
001 191869
020 _a978-85-04-01892-9
040 _cMagnum
100 _aBrandão, Toni
240 1 0 _aTop school! 1 seleção natural
_lpor
245 1 0 _aTop school! 1 seleção natural
300 _a303
362 0 _a2014
440 1 _aCompanhia Editora Nacional
697 _aLITERATURA JUVENIL
942 _cBK
999 _c191869
_d191869